[Event "Women's Speed Chess GP3"]
[Site "chess.com INT"]
[Date "2020.07.08"]
[Round "1.1"]
[White "Lagno, Kateryna"]
[Black "Assaubayeva, Bibisara"]
[Result "1-0"]
[WhiteTitle "GM"]
[BlackTitle "FM"]
[WhiteElo "2546"]
[BlackElo "2378"]
[WhiteFideId "14109336"]
[BlackFideId "13708694"]
[EventDate "2020.07.08"]
[EventType "k.o. blitz"]

1. e4 c5 2. Nf3 d6 3. Bb5+ Nd7 4. Ba4 Nf6 5. O-O g6 6. Re1 Bg7 7. c3 O-O 8. d4
e5 9. dxe5 dxe5 10. Bg5 Qc7 11. Nbd2 a6 12. Bxd7 Bxd7 13. Nc4 Rfe8 14. Ncxe5 Be6
15. Qc2 h6 16. Bxf6 Bxf6 17. Nd3 Rad8 18. h3 c4 19. Nc1 Bg7 20. Ne2 b5 21. Ned4
Bc8 22. Rad1 Bb7 23. Rd2 Re7 24. Rde2 Rde8 25. a4 Qc5 26. axb5 axb5 27. b4 cxb3
28. Qxb3 Rxe4 29. Rxe4 Rxe4 30. Rxe4 Bxe4 31. Qxb5 Qxb5 32. Nxb5 Bd3 33. Nbd4
Kf8 34. Ne1 Bc4 35. f3 Ke7 36. Kf2 Kd6 37. Nec2 Bd3 38. Ne1 Bc4 39. Ke3 h5 40.
Nd3 Bh6+ 41. f4 Bxd3 42. Kxd3 Bxf4 43. Ke4 Bd2 44. Kd3 Bf4 45. Nf3 Kd5 46. c4+
Kc5 47. Ne1 Bd6 48. Nc2 f6 49. Nd4 Be5 50. Ne6+ Kd6 51. Nf8 g5 52. Ke4 Kc5 53.
Nd7+ Kxc4 54. Nxe5+ fxe5 55. Kxe5 Kd3 56. Kf5 Ke3 57. Kxg5 Kf2 58. Kxh5 Kxg2 59.
Kg4 1-0

[Event "Women's Speed Chess GP3"]
[Site "chess.com INT"]
[Date "2020.07.08"]
[Round "1.2"]
[White "Assaubayeva, Bibisara"]
[Black "Lagno, Kateryna"]
[Result "0-1"]
[WhiteTitle "FM"]
[BlackTitle "GM"]
[WhiteElo "2378"]
[BlackElo "2546"]
[WhiteFideId "13708694"]
[BlackFideId "14109336"]
[EventDate "2020.07.08"]
[EventType "k.o. blitz"]

1. d4 Nf6 2. c4 g6 3. Nc3 d5 4. cxd5 Nxd5 5. e4 Nxc3 6. bxc3 Bg7 7. Nf3 c5 8. h3
O-O 9. Be2 Nc6 10. Be3 cxd4 11. cxd4 f5 12. exf5 Qa5+ 13. Bd2 Qxf5 14. Bc3 Be6
15. O-O Bd5 16. Rb1 Rad8 17. Rxb7 e5 18. Rb5 exd4 19. Ba1 Qf7 20. Ng5 Qe7 21.
Qd2 h6 22. Rxd5 Rxd5 23. Bc4 Rd8 24. Nf3 Kh7 25. Bxd5 Rxd5 26. Rc1 Rc5 27. Re1
Qd7 28. Bb2 Qd5 29. Rd1 Qxa2 30. Ba1 Qxd2 31. Nxd2 a5 32. Nb3 Rb5 33. Rd3 a4 34.
Nd2 Bf8 35. Kf1 a3 36. Ke2 a2 37. Nb3 Ne5 38. Rg3 d3+ 39. Kd2 Rxb3 0-1

[Event "Women's Speed Chess GP3"]
[Site "chess.com INT"]
[Date "2020.07.08"]
[Round "1.3"]
[White "Lagno, Kateryna"]
[Black "Assaubayeva, Bibisara"]
[Result "0-1"]
[WhiteTitle "GM"]
[BlackTitle "FM"]
[WhiteElo "2546"]
[BlackElo "2378"]
[WhiteFideId "14109336"]
[BlackFideId "13708694"]
[EventDate "2020.07.08"]
[EventType "k.o. blitz"]

1. e4 e5 2. Nf3 Nc6 3. Bb5 a6 4. Ba4 b5 5. Bb3 Na5 6. O-O d6 7. c3 Nxb3 8. axb3
Bb7 9. d4 exd4 10. cxd4 Nf6 11. Re1 Be7 12. d5 O-O 13. Nd4 Re8 14. Nc3 Bf8 15.
f3 h6 16. Be3 Qd7 17. Rc1 Rac8 18. Qd3 c5 19. dxc6 Bxc6 20. Red1 Bb7 21. Nde2 b4
22. Na4 Qb5 23. Qxb5 axb5 24. Nb6 Rxc1 25. Rxc1 d5 26. e5 Rxe5 27. Kf2 Bd6 28.
Nd4 Re8 29. Nxb5 Bxh2 30. Bc5 Nh5 31. Bd6 Bf4 32. Re1 Rd8 33. Bxf4 Nxf4 34. Re7
Ba6 35. Nc7 Bd3 36. Ke3 Ng6 37. Re8+ Rxe8+ 38. Nxe8 Bc2 39. Nxd5 Bxb3 40. Nxb4
Nh4 41. g4 Bd1 42. Nd3 Bxf3 43. Ne5 Bd5 44. b4 f6 45. Nd3 Kf7 46. Nc7 Be6 47. b5
Bxg4 48. b6 Bc8 49. Nc5 Nf5+ 50. Ke4 Nd6+ 51. Kd5 Nb7 52. Ne4 f5 53. Nc3 h5 54.
Kc6 h4 55. N7d5 Nd8+ 56. Kc7 Ba6 57. Kxd8 h3 58. Ne3 h2 59. b7 Bxb7 60. Nxf5
h1=Q 61. Nd6+ Kg6 0-1

[Event "Women's Speed Chess GP3"]
[Site "chess.com INT"]
[Date "2020.07.08"]
[Round "1.4"]
[White "Assaubayeva, Bibisara"]
[Black "Lagno, Kateryna"]
[Result "0-1"]
[WhiteTitle "FM"]
[BlackTitle "GM"]
[WhiteElo "2378"]
[BlackElo "2546"]
[WhiteFideId "13708694"]
[BlackFideId "14109336"]
[EventDate "2020.07.08"]
[EventType "k.o. blitz"]

1. e4 e5 2. Bc4 Nc6 3. Nc3 Nf6 4. d3 Na5 5. Bb3 Be7 6. Nf3 d6 7. O-O O-O 8. h3
h6 9. Be3 a6 10. Qd2 Nxb3 11. axb3 Re8 12. Rfe1 Bf8 13. b4 Bd7 14. d4 exd4 15.
Bxd4 Bc6 16. Qf4 Nh7 17. Rad1 Ng5 18. Nxg5 Qxg5 19. Qxg5 hxg5 20. f3 f6 21. Nd5
Rac8 22. c4 Kf7 23. Kf2 Bd7 24. b3 Be6 25. Re2 c6 26. Ne3 g6 27. Bb6 Be7 28.
Red2 Rh8 29. Bd4 Rce8 30. Rd3 Rhf8 31. Ng4 Kg8 32. Kg1 f5 33. exf5 gxf5 34. Ne3
Kh7 35. Bc3 Bc8 36. Nc2 Kg6 37. Nd4 Bf6 38. Kf2 g4 39. hxg4 fxg4 40. Ne2 gxf3
41. gxf3 Bh4+ 42. Kf1 Bh3+ 43. Kg1 Rxe2 44. Rxd6+ Kf5 45. Rh6 Rg8+ 46. Kh1 Bg2+
47. Kh2 Bg3+ 48. Kg1 Bxf3 49. Rf6+ Ke4 50. Re6+ Kf5 51. Rf6+ Kg4 52. Rd5 cxd5 0-1

[Event "Women's Speed Chess GP3"]
[Site "chess.com INT"]
[Date "2020.07.08"]
[Round "1.5"]
[White "Lagno, Kateryna"]
[Black "Assaubayeva, Bibisara"]
[Result "1-0"]
[WhiteTitle "GM"]
[BlackTitle "FM"]
[WhiteElo "2546"]
[BlackElo "2378"]
[WhiteFideId "14109336"]
[BlackFideId "13708694"]
[EventDate "2020.07.08"]
[EventType "k.o. blitz"]

1. e4 e5 2. Bc4 Nf6 3. Nc3 Nc6 4. d3 Na5 5. Bb3 Be7 6. Nf3 d6 7. O-O O-O 8. Ne2
Re8 9. Ng3 Bf8 10. h3 a6 11. Re1 g6 12. Bd5 c6 13. Bxf7+ Kxf7 14. b4 Bg7 15. Bd2
b6 16. bxa5 bxa5 17. c4 Kg8 18. Qa4 Rb8 19. Rab1 Bd7 20. Qxa5 Qxa5 21. Bxa5 Bf8
22. Bc7 Rbc8 23. Rb7 Be6 24. Ng5 Bd7 25. Reb1 h6 26. Nf3 Be6 27. Ra7 Nd7 28. Nh4
Kh7 29. Ba5 Rb8 30. Rbb7 Rxb7 31. Rxb7 Rb8 32. Rxb8 Nxb8 33. Kf1 Nd7 34. Ke2 Nc5
35. Bc3 Be7 36. Nf3 Kg8 37. Nf1 Kf7 38. N1d2 Bd8 39. Nb3 Bb6 40. Bd2 Na4 41.
Bxh6 Nc3+ 42. Ke1 Nxa2 43. Ng5+ Kf6 44. Nxe6 Kxe6 45. Bd2 c5 46. Ba5 Ba7 47. Ke2
Nb4 48. h4 Nc6 49. Bd2 Bb6 50. g4 a5 51. h5 gxh5 52. gxh5 a4 53. Nc1 Nd4+ 54.
Kd1 a3 55. h6 Kf7 56. Na2 Kg6 57. f4 Bd8 58. f5+ Kh7 59. Bc1 Be7 60. Nc3 Nb3 61.
Bxa3 Kxh6 62. Nd5 Bf8 63. Bc1+ Kh5 64. Be3 Nd4 65. Bxd4 cxd4 66. Ke2 Kg4 67.
Nf6+ Kf4 68. Nd7 Bh6 69. f6 1-0

[Event "Women's Speed Chess GP3"]
[Site "chess.com INT"]
[Date "2020.07.08"]
[Round "1.6"]
[White "Assaubayeva, Bibisara"]
[Black "Lagno, Kateryna"]
[Result "0-1"]
[WhiteTitle "FM"]
[BlackTitle "GM"]
[WhiteElo "2378"]
[BlackElo "2546"]
[WhiteFideId "13708694"]
[BlackFideId "14109336"]
[EventDate "2020.07.08"]
[EventType "k.o. blitz"]

1. d4 Nf6 2. c4 g6 3. Nc3 d5 4. cxd5 Nxd5 5. e4 Nxc3 6. bxc3 Bg7 7. Nf3 c5 8. h3
O-O 9. Be2 Nc6 10. Be3 cxd4 11. cxd4 f5 12. Bc4+ Kh8 13. O-O f4 14. Bd2 Nxd4 15.
Bc3 Nxf3+ 16. Qxf3 Qc7 17. Bxg7+ Kxg7 18. Qc3+ Kh6 19. Rac1 Bd7 20. Rfd1 Rac8
21. Qb2 Bc6 22. Bd5 Rfd8 23. Qa3 Qe5 24. Bxc6 bxc6 25. Qxa7 Ra8 26. Qb6 Rxd1+
27. Rxd1 Rxa2 28. Qxc6 f3 29. gxf3 Qg5+ 30. Kf1 Qh4 31. Qc5 Qxh3+ 32. Kg1 Qxf3
33. Qd4 Rxf2 34. Qxf2 Qxd1+ 35. Kh2 Qh5+ 36. Kg1 Qg4+ 37. Kf1 Qxe4 38. Qh2+ Kg7
39. Qb2+ e5 40. Qa3 Qf4+ 41. Kg2 h5 42. Qe7+ Kh6 43. Qe8 Qf6 44. Kg3 h4+ 45. Kh3
Kg5 46. Qa4 Qf3+ 47. Kh2 Qf4+ 0-1

[Event "Women's Speed Chess GP3"]
[Site "chess.com INT"]
[Date "2020.07.08"]
[Round "1.7"]
[White "Lagno, Kateryna"]
[Black "Assaubayeva, Bibisara"]
[Result "1-0"]
[WhiteTitle "GM"]
[BlackTitle "FM"]
[WhiteElo "2546"]
[BlackElo "2378"]
[WhiteFideId "14109336"]
[BlackFideId "13708694"]
[EventDate "2020.07.08"]
[EventType "k.o. blitz"]

1. e4 c5 2. Nf3 d6 3. Bb5+ Nd7 4. Ba4 Nf6 5. O-O Nxe4 6. Re1 Nf6 7. d4 e6 8. d5
e5 9. Nxe5 Be7 10. c4 dxe5 11. d6 O-O 12. Nc3 Nb6 13. dxe7 Qxe7 14. Bf4 Nxc4 15.
Bb3 Nxb2 16. Qe2 c4 17. Bxe5 cxb3 18. Qxb2 bxa2 19. Nb5 Be6 20. Bd6 Qd7 21. Bxf8
Kxf8 22. Nc3 Kg8 23. Nxa2 a6 24. Nc3 Rc8 25. Na4 Qe7 26. Rac1 Rxc1 27. Rxc1 h6
28. Nc5 Bd5 29. h3 Qd6 30. Nxb7 Qf4 31. Nc5 Qg5 32. f3 Bxf3 33. Rc2 Bd5 34. Qd4
Kh7 35. Qd3+ g6 36. Qd4 Kg7 37. Rf2 Qc1+ 38. Kh2 Qg5 39. Nd7 1-0

[Event "Women's Speed Chess GP3"]
[Site "chess.com INT"]
[Date "2020.07.08"]
[Round "1.8"]
[White "Assaubayeva, Bibisara"]
[Black "Lagno, Kateryna"]
[Result "1-0"]
[WhiteTitle "FM"]
[BlackTitle "GM"]
[WhiteElo "2378"]
[BlackElo "2546"]
[WhiteFideId "13708694"]
[BlackFideId "14109336"]
[EventDate "2020.07.08"]
[EventType "k.o. blitz"]

1. d4 Nf6 2. c4 g6 3. Nc3 d5 4. cxd5 Nxd5 5. e4 Nxc3 6. bxc3 Bg7 7. Nf3 c5 8.
Be3 O-O 9. Rc1 Qa5 10. Qd2 Rd8 11. Be2 Nc6 12. d5 e6 13. O-O exd5 14. exd5 Ne7
15. c4 Qxd2 16. Nxd2 b6 17. g4 Bb7 18. Ne4 f5 19. Ng5 Nc8 20. Ne6 Re8 21. gxf5
Nd6 22. fxg6 hxg6 23. Nc7 Nf5 24. Nxa8 Bxa8 25. Bd3 Nxe3 26. fxe3 Rxe3 27. Rcd1
Bd4 28. Kg2 b5 29. Rfe1 Rxd3 30. Rxd3 bxc4 31. Rxd4 cxd4 32. Re8+ Kf7 33. Rxa8
c3 34. Rc8 Kf6 35. d6 Ke6 36. Kf3 Kxd6 37. Ke4 Kd7 38. Rc4 Ke6 39. Kxd4 1-0

[Event "Women's Speed Chess GP3"]
[Site "chess.com INT"]
[Date "2020.07.08"]
[Round "1.9"]
[White "Lagno, Kateryna"]
[Black "Assaubayeva, Bibisara"]
[Result "1-0"]
[WhiteTitle "GM"]
[BlackTitle "FM"]
[WhiteElo "2546"]
[BlackElo "2378"]
[WhiteFideId "14109336"]
[BlackFideId "13708694"]
[EventDate "2020.07.08"]
[EventType "k.o. blitz"]

1. e4 c5 2. Nf3 d6 3. Bb5+ Nd7 4. Ba4 Nf6 5. O-O Nxe4 6. Re1 Nf6 7. d4 e6 8. d5
e5 9. Nxe5 Be7 10. Nf3 O-O 11. c4 a6 12. Nc3 b5 13. cxb5 Nb6 14. bxa6 Nxa4 15.
Nxa4 Bxa6 16. Nc3 Re8 17. b3 Nd7 18. Bb2 Bf6 19. Qd2 Ne5 20. Nxe5 Bxe5 21. h3
Qh4 22. Rad1 Bd4 23. Nb1 Bxb2 24. Qxb2 Bb7 25. Qd2 Rxe1+ 26. Rxe1 h6 27. Nc3 Qd4
28. Rd1 Qb4 29. a4 Bc8 30. Nb5 Bd7 31. Qxb4 cxb4 32. Nxd6 Ra6 33. Nc4 1-0

[Event "Women's Speed Chess GP3"]
[Site "chess.com INT"]
[Date "2020.07.08"]
[Round "1.10"]
[White "Assaubayeva, Bibisara"]
[Black "Lagno, Kateryna"]
[Result "1-0"]
[WhiteTitle "FM"]
[BlackTitle "GM"]
[WhiteElo "2378"]
[BlackElo "2546"]
[WhiteFideId "13708694"]
[BlackFideId "14109336"]
[EventDate "2020.07.08"]
[EventType "k.o. blitz"]

1. d4 Nf6 2. c4 g6 3. Nc3 d5 4. cxd5 Nxd5 5. e4 Nxc3 6. bxc3 Bg7 7. Nf3 c5 8.
Be3 O-O 9. Rc1 Qa5 10. Qd2 Rd8 11. Be2 Nc6 12. d5 e6 13. O-O exd5 14. exd5 c4
15. Bxc4 Be6 16. Rfd1 Ne7 17. dxe6 Rxd2 18. exf7+ Kf8 19. Rxd2 Qc7 20. Bb3 h6
21. Rcd1 Bxc3 22. Rd7 Qc6 23. Rd8+ Rxd8 24. Rxd8+ 1-0

[Event "Women's Speed Chess GP3"]
[Site "chess.com INT"]
[Date "2020.07.08"]
[Round "1.11"]
[White "Lagno, Kateryna"]
[Black "Assaubayeva, Bibisara"]
[Result "1/2-1/2"]
[WhiteTitle "GM"]
[BlackTitle "FM"]
[WhiteElo "2546"]
[BlackElo "2378"]
[WhiteFideId "14109336"]
[BlackFideId "13708694"]
[EventDate "2020.07.08"]
[EventType "k.o. blitz"]

1. e4 e5 2. Bc4 Nf6 3. Nc3 Nxe4 4. Qh5 Nd6 5. Qxe5+ Qe7 6. Qxe7+ Bxe7 7. Be2 O-O
8. Nf3 Ne8 9. Nd5 Bd8 10. d4 c6 11. Ne3 Nf6 12. Bd3 d5 13. O-O Nbd7 14. c3 Ne4
15. Nd2 Ndf6 16. f3 Nd6 17. Re1 Bc7 18. Nb3 b6 19. Bd2 Bd7 20. h3 a5 21. a4 Rfe8
22. Ng4 Nxg4 23. hxg4 Nc4 24. Bxc4 dxc4 25. Nc1 Bg3 26. Re3 Rxe3 27. Bxe3 Re8
28. Ne2 Bc7 29. Kf2 f6 30. Bd2 b5 31. axb5 cxb5 32. Nf4 Bxf4 33. Bxf4 a4 34. Re1
Kf7 35. Rxe8 Kxe8 36. Bd6 Kf7 37. Bb4 g6 38. Ke3 f5 39. gxf5 Bxf5 40. Kf4 Ke6
41. Kg5 h5 42. g4 hxg4 43. fxg4 Bd3 44. Kf4 Bc2 45. g5 Bd3 46. Bc5 Bc2 47. Bb4
Bd3 48. Ba5 Bc2 49. Bb4 1/2-1/2

[Event "Women's Speed Chess GP3"]
[Site "chess.com INT"]
[Date "2020.07.08"]
[Round "1.1"]
[White "Koneru, Humpy"]
[Black "Vaishali, R"]
[Result "1-0"]
[WhiteTitle "GM"]
[BlackTitle "WGM"]
[WhiteElo "2586"]
[BlackElo "2393"]
[WhiteFideId "5008123"]
[BlackFideId "5091756"]
[EventDate "2020.07.08"]
[EventType "k.o. blitz"]

1. Nf3 Nf6 2. c4 g6 3. Nc3 d5 4. cxd5 Nxd5 5. h4 Nxc3 6. bxc3 Bg7 7. h5 c5 8. g3
b6 9. Bg2 Bb7 10. Bb2 Nd7 11. d4 cxd4 12. cxd4 O-O 13. hxg6 hxg6 14. Qd2 Rc8 15.
Rd1 Nf6 16. Kf1 Be4 17. Qf4 Rc2 18. Rd2 Qc7 19. Qxc7 Rxc7 20. Ng5 Bb1 21. e4
Bxa2 22. d5 Bc4+ 23. Kg1 Rd8 24. Bf3 Ne8 25. Bxg7 Nxg7 26. Kg2 f6 27. Nh3 e5 28.
Rc1 b5 29. Be2 Ne8 30. Bxc4 bxc4 31. f4 Nd6 32. fxe5 fxe5 33. Ng5 Rb8 34. Ne6
Rcb7 35. Re2 Rb2 36. Rcc2 c3 37. Kf3 R2b3 38. Nc5 Ra3 39. Nd7 Rb7 40. Nxe5 Rb2
41. Kf4 Nb5 42. Rxb2 cxb2 43. Rxb2 Nd4 44. Rb8+ Kg7 45. Rb7+ Kh6 46. Ng4+ Kh5
47. Rh7# 1-0

[Event "Women's Speed Chess GP3"]
[Site "chess.com INT"]
[Date "2020.07.08"]
[Round "1.2"]
[White "Vaishali, R"]
[Black "Koneru, Humpy"]
[Result "1/2-1/2"]
[WhiteTitle "WGM"]
[BlackTitle "GM"]
[WhiteElo "2393"]
[BlackElo "2586"]
[WhiteFideId "5091756"]
[BlackFideId "5008123"]
[EventDate "2020.07.08"]
[EventType "k.o. blitz"]

1. e4 e5 2. Nf3 Nf6 3. d4 Nxe4 4. dxe5 d5 5. Nbd2 Nc5 6. Be2 Be7 7. O-O O-O 8.
Re1 Nc6 9. Nb3 Bg4 10. h3 Bh5 11. Nfd4 Bxe2 12. Qxe2 Nxb3 13. Nxb3 Re8 14. Bf4
Bd6 15. Qb5 Nxe5 16. Bxe5 Bxe5 17. Qxb7 Bxb2 18. Rxe8+ Qxe8 19. Rd1 Ba3 20. Qxd5
h6 21. c4 c6 22. Qf3 Bb4 23. g3 a5 24. Rd3 Qe6 25. a3 Bxa3 26. Nd4 Qxc4 27. Nxc6
Rc8 28. Rc3 Qe6 29. Kg2 Bf8 30. Rc2 a4 31. Nd4 Qd7 32. Rd2 Qc7 33. Nf5 Qc6 34.
Qxc6 Rxc6 35. Rd8 Re6 36. Ra8 a3 37. Nd4 Rd6 38. Nb5 Rb6 39. Nxa3 g6 40. Nc4 Re6
41. Ne3 Kg7 42. Nd5 Bc5 43. Nf4 Rb6 44. h4 h5 45. Nd3 Bd4 46. Nf4 Rb2 47. Nd3
Rd2 48. Ra3 Bb6 49. Rb3 Bd4 50. Kf1 Bf6 51. Ke1 Ra2 52. Kf1 Ra1+ 53. Kg2 Ra2 54.
Kf3 Ra1 55. Kg2 Ra2 56. Kf3 Ra1 57. Nf4 Rc1 58. Rb7 Rc3+ 59. Kg2 Rc6 60. Nd5 Be5
61. Ne3 Re6 62. Nd5 Bd4 63. Nf4 Rd6 1/2-1/2

[Event "Women's Speed Chess GP3"]
[Site "chess.com INT"]
[Date "2020.07.08"]
[Round "1.3"]
[White "Koneru, Humpy"]
[Black "Vaishali, R"]
[Result "1-0"]
[WhiteTitle "GM"]
[BlackTitle "WGM"]
[WhiteElo "2586"]
[BlackElo "2393"]
[WhiteFideId "5008123"]
[BlackFideId "5091756"]
[EventDate "2020.07.08"]
[EventType "k.o. blitz"]

1. d4 Nf6 2. Nf3 g6 3. c4 Bg7 4. g3 c5 5. Bg2 cxd4 6. Nxd4 Nc6 7. O-O h5 8. h3
O-O 9. Nc3 d6 10. Nb3 Ne5 11. c5 a5 12. cxd6 exd6 13. Bg5 a4 14. Nd4 a3 15. bxa3
Qa5 16. Ncb5 Ra6 17. Rc1 Bd7 18. Bd2 Qd8 19. Bb4 Re8 20. Qd2 Nc6 21. Nxc6 Bxc6
22. Nxd6 Bxg2 23. Kxg2 Rxd6 24. Qxd6 Qa8 25. e3 b5+ 26. Qc6 Qb8 27. Rfd1 Qe5 28.
Bc3 Qf5 29. Bxf6 Bxf6 30. Qxe8+ Kg7 31. Rc7 Be5 32. Rxf7+ Qxf7 33. Rd7 Kh7 34.
Qxf7+ 1-0

[Event "Women's Speed Chess GP3"]
[Site "chess.com INT"]
[Date "2020.07.08"]
[Round "1.4"]
[White "Vaishali, R"]
[Black "Koneru, Humpy"]
[Result "0-1"]
[WhiteTitle "WGM"]
[BlackTitle "GM"]
[WhiteElo "2393"]
[BlackElo "2586"]
[WhiteFideId "5091756"]
[BlackFideId "5008123"]
[EventDate "2020.07.08"]
[EventType "k.o. blitz"]

1. e4 e5 2. Nf3 Nf6 3. d4 Nxe4 4. Bd3 d5 5. Nxe5 Nd7 6. Nc3 Nxe5 7. dxe5 Bb4 8.
O-O Nxc3 9. bxc3 Bxc3 10. Rb1 O-O 11. Bxh7+ Kxh7 12. Qd3+ Kg8 13. Qxc3 a5 14.
Qd4 Ra6 15. Rb5 Be6 16. f4 Qd7 17. Rxb7 Rc6 18. Ba3 Rd8 19. Bc5 Bf5 20. c3 Be4
21. Rb2 Rg6 22. f5 Bxf5 23. Qf4 Be6 24. Rbf2 Rg4 25. Qc1 Qc6 26. Bd4 Qa4 27. h3
Rg6 28. Kh2 Rb8 29. Qe3 Qc4 30. g4 a4 31. Rg1 a3 32. Rgg2 Rb1 33. Qf4 Qd3 34. h4
Qd1 35. g5 Qh1+ 0-1

[Event "Women's Speed Chess GP3"]
[Site "chess.com INT"]
[Date "2020.07.08"]
[Round "1.5"]
[White "Koneru, Humpy"]
[Black "Vaishali, R"]
[Result "1/2-1/2"]
[WhiteTitle "GM"]
[BlackTitle "WGM"]
[WhiteElo "2586"]
[BlackElo "2393"]
[WhiteFideId "5008123"]
[BlackFideId "5091756"]
[EventDate "2020.07.08"]
[EventType "k.o. blitz"]

1. Nf3 d5 2. d4 Bf5 3. Bf4 e6 4. e3 Bd6 5. Bg3 Nf6 6. Nbd2 O-O 7. Bd3 Ne4 8.
Bxd6 cxd6 9. O-O Nd7 10. Qe2 Rc8 11. c4 Nxd2 12. Nxd2 Bxd3 13. Qxd3 Nb6 14. cxd5
Nxd5 15. Rfc1 Qa5 16. a3 h6 17. h3 Rfd8 18. Ne4 Qb6 19. Rc2 Rc7 20. Rac1 Rdc8
21. Nd2 Rxc2 22. Rxc2 Rc6 23. Rxc6 Qxc6 24. Qc4 Ne7 25. Qxc6 Nxc6 26. g4 Kf8 27.
Kg2 Ke7 28. f4 g5 29. Kf3 f5 30. fxg5 hxg5 31. gxf5 exf5 32. b4 Ke6 33. Ke2 Ne7
34. e4 Ng6 35. exf5+ Kxf5 36. Nc4 Ke6 37. Kf3 Kd5 38. Na5 b6 39. Nb7 Nf4 40. h4
Ne6 41. h5 Kxd4 42. h6 Nf8 43. Nxd6 Ke5 44. Nc8 Kf6 45. Nxa7 Kg6 46. Nc8 Nd7 47.
a4 Kxh6 48. Kg4 Kg6 49. Ne7+ Kf6 50. Nd5+ Ke5 51. Nxb6 Nxb6 52. a5 Nc4 53. Kxg5
Kd6 54. a6 Kc6 55. b5+ Kc7 56. a7 Kb7 57. b6 Nxb6 58. Kf5 Kxa7 1/2-1/2

[Event "Women's Speed Chess GP3"]
[Site "chess.com INT"]
[Date "2020.07.08"]
[Round "1.6"]
[White "Vaishali, R"]
[Black "Koneru, Humpy"]
[Result "0-1"]
[WhiteTitle "WGM"]
[BlackTitle "GM"]
[WhiteElo "2393"]
[BlackElo "2586"]
[WhiteFideId "5091756"]
[BlackFideId "5008123"]
[EventDate "2020.07.08"]
[EventType "k.o. blitz"]

1. e4 e5 2. Nf3 Nf6 3. d4 Nxe4 4. dxe5 d5 5. Nbd2 Nc5 6. Be2 Be7 7. O-O O-O 8.
Re1 Nc6 9. Nb3 Bg4 10. h3 Bh5 11. Be3 Ne6 12. Rc1 a5 13. a4 Qd7 14. c4 Nb4 15.
Nbd4 Nxd4 16. Nxd4 Bxe2 17. Nxe2 Rfd8 18. c5 Nc6 19. Bd4 Ra6 20. Qb3 Nb4 21. f4
Rc6 22. Rf1 b6 23. cxb6 cxb6 24. f5 Rxc1 25. Nxc1 Nc6 26. Ne2 Nxd4 27. Nxd4 Bc5
28. Rf4 Bxd4+ 29. Rxd4 Qxf5 30. Qxb6 Rc8 31. Rxd5 Rc1+ 32. Kh2 Qf4+ 33. g3 Rc2+
34. Kg1 Qc1+ 0-1

[Event "Women's Speed Chess GP3"]
[Site "chess.com INT"]
[Date "2020.07.08"]
[Round "1.7"]
[White "Koneru, Humpy"]
[Black "Vaishali, R"]
[Result "0-1"]
[WhiteTitle "GM"]
[BlackTitle "WGM"]
[WhiteElo "2586"]
[BlackElo "2393"]
[WhiteFideId "5008123"]
[BlackFideId "5091756"]
[EventDate "2020.07.08"]
[EventType "k.o. blitz"]

1. Nf3 Nf6 2. d4 g6 3. c4 Bg7 4. g3 c5 5. Bg2 cxd4 6. Nxd4 Nc6 7. Nc3 O-O 8. O-O
d6 9. Nxc6 bxc6 10. Bxc6 Bh3 11. Bg2 Qc8 12. Nd5 Nxd5 13. cxd5 Rb8 14. Qd3 Bxg2
15. Kxg2 Bxb2 16. Rb1 Bg7 17. Be3 Qd7 18. Rfc1 Rxb1 19. Rxb1 Rc8 20. h4 h5 21.
Qe4 Bf6 22. Rc1 Rxc1 23. Bxc1 Qb5 24. a4 Qb3 25. Be3 a6 26. Bg5 Kg7 27. Bxf6+
exf6 28. Qd4 a5 29. Qe4 Qb4 30. Qc2 Qd4 31. e3 Qxd5+ 32. Kg1 Qc5 33. Qd2 Qb4 34.
Qc2 d5 35. Qc6 Qb1+ 36. Kg2 Qe4+ 37. Kg1 Qc4 38. Qd7 Qc1+ 39. Kg2 Qc5 40. Kg1 g5
41. hxg5 fxg5 42. Qf5 f6 43. Qd7+ Kh6 44. Qf7 Qc6 45. Qf8+ Kg6 46. Qg8+ Kf5 47.
Qh7+ Kg4 48. Qd3 Qc4 49. Qd1+ Kf5 50. Qxh5 Qxa4 51. Qh7+ Ke6 52. Qg8+ Ke5 53.
Qe8+ Qxe8 0-1

[Event "Women's Speed Chess GP3"]
[Site "chess.com INT"]
[Date "2020.07.08"]
[Round "1.8"]
[White "Vaishali, R"]
[Black "Koneru, Humpy"]
[Result "1/2-1/2"]
[WhiteTitle "WGM"]
[BlackTitle "GM"]
[WhiteElo "2393"]
[BlackElo "2586"]
[WhiteFideId "5091756"]
[BlackFideId "5008123"]
[EventDate "2020.07.08"]
[EventType "k.o. blitz"]

1. e4 e5 2. Nf3 Nf6 3. d4 Nxe4 4. dxe5 d5 5. Nbd2 Nc5 6. Be2 Be7 7. O-O O-O 8.
Re1 Bg4 9. h3 Bh5 10. Nb3 Ne6 11. c3 c6 12. Nbd4 Nxd4 13. cxd4 Nd7 14. Bf4 Bb4
15. Bd2 Bxd2 16. Qxd2 Re8 17. a4 f6 18. Qf4 fxe5 19. Nxe5 Bxe2 20. Rxe2 Nxe5 21.
dxe5 d4 22. Rd1 c5 23. e6 Qf6 24. Qc7 Qe7 25. Qe5 Rad8 26. Rd3 Rd6 27. Qxc5 Rxe6
28. Qxe7 R6xe7 29. Rxe7 Rxe7 30. Rxd4 Re1+ 31. Kh2 Re2 32. Rd8+ Kf7 33. Rd7+ Kf6
34. Rxb7 Rxf2 35. b4 Rb2 36. a5 a6 37. Rb6+ Kf5 38. Kg3 g5 39. Kf3 Rb3+ 40. Ke2
h5 41. Rxa6 Rxb4 42. Ra8 Rb2+ 43. Kf1 Rb1+ 44. Kf2 Rb2+ 45. Kg3 Rb3+ 46. Kh2 Ra3
47. a6 Kg6 48. Ra7 h4 49. Ra8 Ra2 50. Kg1 Kg7 51. Kf1 Kg6 52. a7 Kg7 53. Ke1 Kh7
54. Kf1 Kg7 1/2-1/2

[Event "Women's Speed Chess GP3"]
[Site "chess.com INT"]
[Date "2020.07.08"]
[Round "1.9"]
[White "Koneru, Humpy"]
[Black "Vaishali, R"]
[Result "1-0"]
[WhiteTitle "GM"]
[BlackTitle "WGM"]
[WhiteElo "2586"]
[BlackElo "2393"]
[WhiteFideId "5008123"]
[BlackFideId "5091756"]
[EventDate "2020.07.08"]
[EventType "k.o. blitz"]

1. Nf3 Nf6 2. g3 b5 3. Bg2 Bb7 4. O-O e6 5. b3 Be7 6. Bb2 O-O 7. c4 bxc4 8. bxc4
c5 9. Nc3 Nc6 10. Rb1 Rb8 11. d3 d5 12. cxd5 exd5 13. d4 cxd4 14. Nxd4 Ne5 15.
Nf5 Nc4 16. Ba1 Bc5 17. e3 Re8 18. Rb5 Qc8 19. Nd4 Ba6 20. Rxb8 Qxb8 21. Qa4 Qc8
22. Rb1 Nd2 23. Rc1 Nc4 24. Nxd5 Nxd5 25. Bxd5 Nb6 26. Qa5 Nxd5 27. Rxc5 Qb7 28.
Nb3 Nb4 29. Rc7 Qe4 30. Qg5 Qb1+ 31. Rc1 Qg6 32. Qxg6 hxg6 33. a3 Nd3 34. Rc7
Rb8 35. Rc3 f6 36. Kg2 g5 37. g4 Ne5 38. Nd4 Bb7+ 39. f3 Bd5 40. Kg3 Rb1 41.
Rc8+ Kh7 42. Bc3 Rg1+ 43. Kf2 Rc1 44. Nf5 Nxf3 45. Rc7 Rc2+ 46. Kg3 Nh4 47.
Rxg7+ Kh8 48. Bxf6 Rg2+ 49. Kh3 Nxf5 50. gxf5 Rg1 51. Rxg5+ Kh7 52. Rxg1 1-0